00895nam a2200229 a 450000100100000000500170001000800410002702000150006804000250008308200130010810000250012124000330014624500770017926000560025630000210031250000270033359000270036070000380038795201110042595201120053699900170064800002994520200930055929.0110427s1974 sp 000 0 spa d a8422606232 aDO-SdBNPbspacBNPHU axxxbxxx1 aBrandis, Mark95669010aAlarm im Weltraumlespañol10aAlarma en el espacio /cMark Brandis ; traducción Marciano Villanueva. aBarcelona :bCírculo de lectores,bHerder,c1974. a212 p. ;c21 cm. atraducido del alemán aInventariado, 2019/ YL1 aVillanueva, Marciano,etr.944482 001050718MOaGRbGRcCTd2011-04-27iLF1l0oxxx xxxp29945-10r2020-06-25w2020-06-25y1ZNo se presta 0010507-18MOaPDbPDcOId2011-04-27iLF1l0oxxx xxxp29946-10r2020-06-25w2020-06-25y1ZNo se presta c29437d29437